Model makers (Record no. 79117)

MARC details
000 -LEADER
fixed length control field 01113cab a22002415a 4500
001 - CONTROL NUMBER
control field L139874
008 - FIXED-LENGTH DATA ELEMENTS--GENERAL INFORMATION
fixed length control field 070816s2005 xxk d f 000 0 eng d
035 ## - SYSTEM CONTROL NUMBER
System control number (Sirsi) u139874
041 0# - LANGUAGE CODE
Language code of text/sound track or separate title eng
100 1# - MAIN ENTRY--PERSONAL NAME
Personal name Davis, Peadar
245 00 - TITLE STATEMENT
Title Model makers
260 ## - PUBLICATION, DISTRIBUTION, ETC.
Date of publication, distribution, etc. 2005
490 #0 - SERIES STATEMENT
Series statement Insight
Volume/sequential designation 2005, 10-12(3)
520 ## - SUMMARY, ETC.
Summary, etc. Summarises research undertaken for the reform of domestic rating in Northern Ireland (NI). Re-examines the performance of banded systems and considers how it may be improved in light of criticism of council tax. Considers how a banded capital value system might replace the current rating system. Findings suggest a discrete capital value system was preferable to banding in NI. The potential performance of banded systems is discussed and this may also be relevant to the debate in Great Britain. Charts.
650 24 - SUBJECT ADDED ENTRY--TOPICAL TERM
Topical term or geographic name entry element COUNCIL TAX
650 24 - SUBJECT ADDED ENTRY--TOPICAL TERM
Topical term or geographic name entry element CAPITAL VALUE RATING
650 24 - SUBJECT ADDED ENTRY--TOPICAL TERM
Topical term or geographic name entry element BANDING
651 #4 - SUBJECT ADDED ENTRY--GEOGRAPHIC NAME
Geographic name Northern Ireland
Chronological subdivision 2002-2007
690 ## - LOCAL SUBJECT ADDED ENTRY--TOPICAL TERM (OCLC, RLIN)
Topical term or geographic name as entry element PROPERTY-RESIDENTIAL PROPERTY-RESIDENTIAL PROPERTY TAXATION
700 1# - ADDED ENTRY--PERSONAL NAME
Personal name Cheung, Lay
700 1# - ADDED ENTRY--PERSONAL NAME
Personal name McCluskey, William
942 ## - ADDED ENTRY ELEMENTS (KOHA)
Suppress in OPAC 0

No items available.